| 000 | 00000nas 2200000za 4500 |
| 001 | 9.501999 |
| 003 | CaOODSP |
| 005 | 20241210082314 |
| 007 | cr ||||||||||| |
| 008 | 150406c20089999oncqr p o f0 b0fre|d |
| 022 | |a1918-3976 |
| 040 | |aCaOODSP|bfre |
| 043 | |an-cn--- |
| 086 | 1 |aFB12-9F-PDF |
| 222 | 0|aEnquête auprès des responsables du crédit sur les pratiques de prêt aux entreprises au Canada |
| 245 | 00|aEnquête auprès des responsables du crédit sur les pratiques de prêt aux entreprises au Canada |h[ressource électronique]. |
| 260 | |aOttawa : |bBanque du Canada, |c2008- |
| 310 | |aTrimestriel |
| 362 | 0 |aVol. 1.1 (10 octobre 2008)- |
| 500 | |aPubli. aussi en anglais sous le titre : Senior loan officer survey on business-lending practices in Canada. |
| 710 | 2 |aBanque du Canada. |
| 775 | 08|tSenior loan officer survey on business-lending practices in Canada |w(CaOODSP)9.505600 |